Learning without widespread policy adoption: Early childhood education in the American states (Record no. 518013)

000 -LEADER
fixed length control field 01491nam a22001457a 4500
008 - FIXED-LENGTH DATA ELEMENTS--GENERAL INFORMATION
fixed length control field 210809b ||||| |||| 00| 0 eng d
100 ## - MAIN ENTRY--PERSONAL NAME
Personal name Smith, Kelly B.
245 ## - TITLE STATEMENT
Title Learning without widespread policy adoption: Early childhood education in the American states
260 ## - PUBLICATION, DISTRIBUTION, ETC. (IMPRINT)
Place of publication, distribution, etc Publius: The Journal of Federalism
300 ## - PHYSICAL DESCRIPTION
Extent 50(1), Winter, 2020: p.3-29
520 ## - SUMMARY, ETC.
Summary, etc Do states learn from other states through venues other than the legislative enactment of new policies? This article demonstrates that two-way learning can occur through alternative venues: (1) legislators can adjust the budget of similar state policies to mirror other states’ policies and (2) bureaucrats can learn from other states’ policies and incorporate that learning through non-legislative state action, such as standards. Using an original forty-three state, thirteen-year dataset, I find that elected officials can learn from nearby states’ policies and adjust other policies to mirror those states through the budget process. Using an additional and original forty-three state, nineteen-year dataset, I also find the bureaucrats can learn from other states’ policies and incorporate that learning into the development of their own standards. This article assesses how states learn from other states through venues other than legislative enactment of new, diffusing legislation. – Reproduced
773 ## - HOST ITEM ENTRY
Main entry heading Publius: The Journal of Federalism
906 ## - LOCAL DATA ELEMENT F, LDF (RLIN)
Subject DIP PRIMARY EDUCATION
942 ## - ADDED ENTRY ELEMENTS (KOHA)
Item type Articles
Holdings
Withdrawn status Lost status Source of classification or shelving scheme Damaged status Not for loan Permanent location Current location Date acquired Serial Enumeration / chronology Barcode Date last seen Koha item type
          Indian Institute of Public Administration Indian Institute of Public Administration 2021-08-09 50(1), Winter, 2020: p.3-29 AR125219 2021-08-09 Articles

Powered by Koha